Statistics for Nicknames for Central Americans (in Spanish)

Click here to take the quiz!

General Stats

  • This quiz has been taken 234 times
  • The average score is 4 of 5

Answer Stats

HintAnswer% Correct
Costa RicaTico
86%
HondurasCatracho
71%
NicaraguaNica
70%
GuatemalaChapin
64%
El SalvadorGuanaco
61%

Score Distribution

Percentile by Number Answered

Percent of People with Each Score

Your Score History

You have not taken this quiz